| 000 | 00540nam a2200181Ia 4500 | ||
|---|---|---|---|
| 008 | 100920s9999 xx 000 0 und d | ||
| 082 |
_b81653 _a4 न 00 |
||
| 100 | _aROY ELLEN. | ||
| 245 | _aFROM THE ABSURDITY CREATIVE RATIONALISM. | ||
| 260 |
_bRENAISSANCE PUBLISHERS PVT. LTD. _c2000 |
||
| 300 |
_a96 _bसाधी |
||
| 365 | _b90 | ||
| 520 | _aई. एल.डी. | ||
| 630 | _aFROM THE ABSURDITY CREATIVE RATIONALISM. | ||
| 650 | _aई. एल.डी. | ||
| 730 | _aFROM THE ABSURDITY CREATIVE RATIONALISM. | ||
| 942 | _cBOOK | ||
| 999 |
_c722437 _d722434 |
||